00246nam a2200109Ia 4500003000400000005001700004008004100021020002400062040001000086100001900096245002100115OSt20240408154008.0170524s9999 xx 000 0 und d a ‎ 978-8189757625 ciimtu aSHARMA- SANJAY 0aCOMPUTER NETWORK